Central Library OPAC University of Rajshahi

Aspects of Hindu Muslim cultural relations / (Record no. 25803)

MARC details
000 -LEADER
fixed length control field 01037cam a2200325 i 4500
001 - CONTROL NUMBER
control field 25803
003 - CONTROL NUMBER IDENTIFIER
rucl marc code BD-RjUL
005 - DATE AND TIME OF LATEST TRANSACTION
control field 20211209050930.0
008 - FIXED-LENGTH DATA ELEMENTS--GENERAL INFORMATION
fixed length control field 140319t1978 ii b 000 0 eng
035 ## - SYSTEM CONTROL NUMBER
System control number (BD-RjUL)25873
040 ## - CATALOGING SOURCE
Original cataloging agency DLC
Transcribing agency DLC
Modifying agency DLC
-- BD-RjUL
Language of cataloging eng
041 ## - LANGUAGE CODE
Language code of text/sound track or separate title eng
082 00 - DEWEY DECIMAL CLASSIFICATION NUMBER
Classification number 954.02
Author mark and year MUA 1978
100 1# - MAIN ENTRY--PERSONAL NAME
Personal name Mujtabai, Fathullah.
9 (RLIN) 79271
245 10 - TITLE STATEMENT
Title Aspects of Hindu Muslim cultural relations /
Statement of responsibility, etc. Fathullah Mujtabai.
260 ## - PUBLICATION, DISTRIBUTION, ETC. (IMPRINT)
Place of publication, distribution, etc. New Delhi :
Name of publisher, distributor, etc. National Book Bureau,
Date of publication, distribution, etc. 1978.
300 ## - PHYSICAL DESCRIPTION
Pagination viii, 144 p. ;
Size 22 cm.
500 ## - GENERAL NOTE
General note Title on spine: Hindu-Muslim cultural relations.
General note Includes quotations in Persian.
504 ## - BIBLIOGRAPHY, ETC. NOTE
Bibliography, etc Includes bibliographical references.
650 #0 - SUBJECT ADDED ENTRY--TOPICAL TERM
Topical term or geographic name as entry element Hindus.
9 (RLIN) 23580
Topical term or geographic name as entry element Muslims
Geographic subdivision India.
9 (RLIN) 79272
Topical term or geographic name as entry element Hinduism
General subdivision Relations
-- Islam.
9 (RLIN) 79273
Topical term or geographic name as entry element Islam
General subdivision Relations
-- Hinduism.
9 (RLIN) 79274
651 #0 - SUBJECT ADDED ENTRY--GEOGRAPHIC NAME
Geographic name India
General subdivision Civilization.
9 (RLIN) 79275
942 ## - ADDED ENTRY ELEMENTS (KOHA)
Source of classification or shelving scheme Dewey Decimal Classification
Koha item type Books
Holdings
Lost status Source of classification or shelving scheme Damaged status Not for loan Collection code Permanent Location Current Location Shelving location Date acquired Source of acquisition Cost, normal purchase price Total Checkouts Full call number Date last seen Copy number Koha item type
  Dewey Decimal Classification   Added to bundle Non-fiction Central Library, University of Rajshahi Central Library, University of Rajshahi Reading Room 13/06/1980 India Internatonal calcata 50.00   954.02 MUA 1978 19/03/2014 C-1 Books